000 004610000a22001810004500
003 MACL
005 20151222145945.0
008 151222b xxu||||| |||| 00| 0 eng d
040 _aMACL
_cMACL
041 _aEnglish
082 _a824/KUM
100 _aKumar, Ravinder
_911793
245 _aSelected Works of Motilal Nehru
_bVol 1 1899-1918
260 _bVikas Publishing House
_c1982
350 _a95
650 _aLetters
_921989
942 _cBK
_k824/KUM
_2ddc
999 _c40794
_d40794